An introduction to benefit-cost analysis (Record no. 2948)

000 -LEADER
fixed length control field 00760cam a2200253 i 4500
001 - CONTROL NUMBER
control field 1778900
003 - CONTROL NUMBER IDENTIFIER
control field OSt
005 - DATE AND TIME OF LATEST TRANSACTION
control field 20160825095126.0
008 - FIXED-LENGTH DATA ELEMENTS--GENERAL INFORMATION
fixed length control field 770908s1977 nyu b 000 0 eng
010 ## - LIBRARY OF CONGRESS CONTROL NUMBER
LC control number 77151819
040 ## - CATALOGING SOURCE
Original cataloging agency DLC
Transcribing agency DLC
Modifying agency DLC
050 00 - LIBRARY OF CONGRESS CALL NUMBER
Classification number HD47.S56 2000
082 00 - DEWEY DECIMAL CLASSIFICATION NUMBER
Classification number 309.2/3
100 1# - MAIN ENTRY--PERSONAL NAME
Personal name Sinden, J. A
245 13 - TITLE STATEMENT
Title An introduction to benefit-cost analysis
Statement of responsibility, etc J. A Sinden & D. J. Thampapillai
260 ## - PUBLICATION, DISTRIBUTION, ETC. (IMPRINT)
Place of publication, distribution, etc Australia
Name of publisher, distributor, etc Longman House
Date of publication, distribution, etc c2000
300 ## - PHYSICAL DESCRIPTION
Extent x, 262p. ;
Dimensions 25 cm.
440 #0 - SERIES STATEMENT/ADDED ENTRY--TITLE
Title Learning packages in the policy sciences ;
Volume number/sequential designation PS-14
504 ## - BIBLIOGRAPHY, ETC. NOTE
Bibliography, etc Includes bibliographical references.
650 #0 - SUBJECT ADDED ENTRY--TOPICAL TERM
Topical term or geographic name as entry element Cost effectiveness.
700 ## - ADDED ENTRY--PERSONAL NAME
Personal name Thampapillai, D. J.
906 ## - LOCAL DATA ELEMENT F, LDF (RLIN)
a 7
b cbc
c orignew
d 2
e ncip
f 19
g y-gencatlg
942 ## - ADDED ENTRY ELEMENTS (KOHA)
Source of classification or shelving scheme
Koha item type Book
Holdings
Withdrawn status Lost status Source of classification or shelving scheme Damaged status Not for loan Home library Current library Shelving location Date acquired Total Checkouts Full call number Barcode Date last seen Copy number Price effective from Koha item type
          Riara University Library Riara University Library General stack 25/08/2016   HD47.S56 2000 7947/16 06/09/2016 C.1 25/08/2016 Book

Riara University Library,
P.O. Box 49940-00100,
Nairobi, Kenya.